| 000 | 00629nam a2200193 4500 | ||
|---|---|---|---|
| 001 | 148676 | ||
| 003 | ES-MaACL | ||
| 005 | 20230906202747.0 | ||
| 007 | t| | ||
| 008 | 070214s1971 sp r ||||1| spa d | ||
| 100 | 1 |
_aSturmthal, Adolf. _9108518 |
|
| 245 | 1 | 0 |
_aConsejos obreros / _cAdolf Sturmthal ; prólogo a la edición castellana de Jesús Salvador ; [traducido por José Luis Lana]. |
| 250 | _a[1ª ed.]. | ||
| 260 |
_aBarcelona : _b[Fontanella], _c1971 ( _fPulcra) |
||
| 300 |
_a334 p. ; _c19 cm. |
||
| 700 | 1 |
_aSalvador, Jesús. _9102072 |
|
| 700 | 1 |
_aLana, José Luis. _969884 |
|
| 852 |
_aES-MaACL _jC-49672 _bR.77100 |
||
| 999 |
_c148676 _d148676 |
||